Barrett and others v Morgan. (Record no. 60448)

MARC details
000 -LEADER
fixed length control field 01382cam a2200145 4500
001 - CONTROL NUMBER
control field ABS60802
008 - FIXED-LENGTH DATA ELEMENTS--GENERAL INFORMATION
fixed length control field 000000n1999 000 0 eng u
035 ## - SYSTEM CONTROL NUMBER
System control number (Sirsi) u101297
245 ## - TITLE STATEMENT
Title Barrett and others v Morgan.
260 ## - PUBLICATION, DISTRIBUTION, ETC.
Date of publication, distribution, etc. 1999
490 ## - SERIES STATEMENT
Series statement Weekly Law Reports
Volume/sequential designation (1999) WLR 1109-1123(15)
520 ## - SUMMARY, ETC.
Summary, etc. CA 29/30 June 1998. The owner of an agricultural holding granted himself and his two sons an annual tenancy terminable by 12 months' notice on either side. When the owner died, the freehold reversion was vested in his executors, the first and second plaintiffs (B), and the annual tenancy in his two sons. The land was sublet to the defendant (M), however B and the tenants then decided to sell the land. To obtain vacant possession from the sub-tenant, they decided that B would serve notices to quit on the tenants, who would not then serve counter-notices, in order to determine both the tenancy and the sub-tenancy without invoking the protection offered by the Agricultural Holdings Act 1986 s26(1). B then sought an order for possession against M, however the judge refused to make the order because the agreement was collusive. B appealed. "Held" appeal dismissed. A notice to quit served as part of an agreement between the landlord and tenant was indistinguishable from a surrender.
690 ## - LOCAL SUBJECT ADDED ENTRY--TOPICAL TERM (OCLC, RLIN)
Topical term or geographic name as entry element LANDLORD AND TENANT-CASE LAW-AGRICULTURAL TENANCIES
942 ## - ADDED ENTRY ELEMENTS (KOHA)
Suppress in OPAC 0
Holdings
Withdrawn status Lost status Source of classification or shelving scheme Damaged status Not for loan Home library Current library Shelving location Date acquired Total Checkouts Full call number Barcode Date last seen Copy number Price effective from Koha item type
    Dewey Decimal Classification     London London Journal article 03/11/1999   ABS60802 101297-1001 06/08/2019 1 06/08/2019 Journal article